00374nam a2200121Ia 4500008004100000020001200041245006100053260002600114300001400140500002700154500002700181650004400208151021s9999 xx 000 0 und d a2508265 a_Environment and Development in Kenya Biodiversity KNAS  aNairobi : KNAS, 2006  aix,26 p.  aIncludes Bibliography  aIncludes Bibliography  a_Environment and biodiversity in kenya